000 01578 a2200181 4500
003 Nust
005 20221228084105.0
040 _cNust
082 _a355.0092095,MUS
100 _aGeneral (R) Mohammad Musa
_9106144
245 _aJawan to General recollections of a Pakistani soldier /
_cGeneral (R) Mohammad Musa
260 _aEast & West Publishing Company
_bKarachi
_c1984
300 _axv, 239, p.;
_billus
_c24 cm
505 _aIntroduction (Page-9) Your Commission (Page-25) Your Codes as a Leader (Page-25) You Code as a leader (Page-37) Responsibility and Privilege of the leaders (Page-51) Knowing Your Jobs (Page-59) The Problems Of Career (Page-69) Speaking and Writing (Page-79) Dealing with Peoples (Page-93) Keeping your Hose (Page-105) War Time Expansion (Page-111) Instruction Essentials art of the leaders (page-121) The Nature of Discipline (Page-131) The Meaning of Moral (Page-139) Elements of Esprit (Page-149) Knowing the men you lead (Page-163) Youe relation ship with your men (Page-163) You r men Moral and Physical Welfare (Page-171) Keeping your men Informed (Page-181) Counseling your men (Page-189) Using Reward and Punishment (Page-199) Fitting your men to job (Page-205) The Mission (Page-215) Great Leaders (Page-223) Developing Leadership (Page-237) Human Nature and Leadership (Page-243) Group Nature and Nature Leadership (Page-255) The leading of Americans in Combat (Page-267).
600 _aGeneral (R) Mohammad Musa
_9106144
650 _aJawan to general recollections of a pakistani soldier
_9106145
942 _2ddc
_cBK
_k355.0092095,MUS
999 _c185064
_d185064